| 000 | 01175cam a2200361 a 4500 | ||
|---|---|---|---|
| 001 | 1893 | ||
| 003 | FISKH | ||
| 005 | 20231009090138.0 | ||
| 008 | 911029s1992 ilua j 001 0 eng | ||
| 010 | _a 91042178 | ||
| 020 | _a9780516449258 | ||
| 040 |
_aDLC _cDLC _dDLC _beng |
||
| 042 | _alcac | ||
| 050 | 0 | 0 |
_aQL668.E2 _bF68 1992 |
| 082 | 0 | 0 |
_a597.8 _220 |
| 100 | 1 | _aFowler, Allan. | |
| 245 | 1 | 0 |
_aFrogs and toads, and tadpoles, too / _cby Allan Fowler. |
| 260 |
_aChicago : _bScholastic, _c1992. |
||
| 300 |
_a31 pages : _bcolor illustrations ; _c18 cm. |
||
| 440 | 0 | _aRookie read-about science | |
| 505 | _aM | ||
| 520 | _aExplains basic likenesses and differences between frogs and toads. | ||
| 521 | 8 |
_a550
_bLexile |
|
| 521 | 8 |
_aM
_bRaz-Plus |
|
| 650 | 0 |
_aFrogs _xJuvenile literature. |
|
| 650 | 0 |
_aToads _xJuvenile literature. |
|
| 650 | 0 |
_aTadpoles _xJuvenile literature. |
|
| 650 | 1 | _aFrogs. | |
| 650 | 1 | _aToads. | |
| 906 |
_a7 _bcbc _corignew _d1 _eocip _f19 _gy-gencatlg |
||
| 942 |
_2ddc _cBK _n0 |
||
| 999 |
_c1893 _d1893 |
||